[Event "EU-Cup 13th Group2"]
[Site "Eupen"]
[Date "1997.09.23"]
[Round "2"]
[White "Nikolic, Predrag"]
[Black "Degraeve, Jean Marc"]
[Result "1-0"]
[WhiteElo "2630"]
[BlackElo "2540"]
[Annotator "Stohl,I"]
[PlyCount "73"]
[EventDate "1997.09.22"]
[EventType "team-k.o."]
[EventRounds "3"]
[EventCountry "BEL"]
[SourceTitle "EXT 2020"]
[Source "ChessBase"]
[SourceDate "2019.10.17"]
[SourceVersion "1"]
[SourceVersionDate "2019.10.17"]
[SourceQuality "1"]
[WhiteTeam "Sarajevo Bosna"]
[BlackTeam "Clichy Echecs 92"]
[WhiteTeamCountry "BIH"]
[BlackTeamCountry "FRA"]

1. d4 Nf6 2. c4 e6 3. Nf3 c5 4. d5 exd5 5. cxd5 d6 6. Nc3 g6 7. g3 Bg7 8. Bg2
O-O 9. O-O Re8 ({Black usually now or a move later inserts Stohl,I: 'Black
usually now or a move later inserts'} 9... a6 10. a4 Re8 (10... Nbd7 11. h3 $6
(11. Nd2 $142) 11... Rb8 12. a5 b5 13. axb6 Nxb6 14. Nd2 Re8 15. Nb3 Nc4 16.
Nd2 Nxd2 17. Qxd2 Rb4 18. Re1 Nd7 19. Qc2 Ne5 20. Bf4 Qb6 21. Bxe5 Bxe5 22. Ra2
Bd7 23. Rea1 a5 24. Nd1 Ra8 25. Ra3 a4 $17 {Johansson, P-Yakovich,Y/Koge op/
1997/ Stohl,I: 'Johansson,P-Yakovich,Y/Koge op/1997/'}) 11. Nd2 Nbd7 {Stohl,I:
'-9...a6,10...a6'} 12. a5 b5 13. axb6 Nxb6 14. Nb3 Nc4 $1 (14... Bf5 15. Na5
Qd7 16. Qb3 Qc7 17. Nc6 Ne4 18. Nxe4 Bxe4 19. Bxe4 Rxe4 20. Qd3 Ree8 21. Ra2 c4
22. Qf3 Qb7 23. Re1 Nd7 24. Ra4 Nb6 25. Rb4 a5 26. Rb5 $16 {Nikolic,P-Cobb,J/
EUCup G2/1997/}) (14... Bd7 15. Na5 Qc7 16. Re1 Ng4 17. h3 Ne5 18. f4 $2 Nec4
19. Nxc4 Nxc4 20. Qd3 Ne3 $1 21. Be4 f5 22. Bxe3 fxe4 23. Qc4 Qb7 24. Ra3 Qb4
$17 {Klee,M-Lau,R/Dresden op 1996/EXP 53/0-1 (48)}) 15. Ra4 (15. Qd3 Rb8 $1 16.
Qxc4 Rb4 $132) 15... Nb6 {Stohl,I: '='} 16. Ra2 Nc4 17. Ra4 Ne5 $6 (17... Nb6
$10) 18. Na5 Bd7 19. Ra2 Qc7 20. h3 Bb5 21. b3 Nh5 22. Bd2 f5 23. Qc2 Bd7 24.
Re1 Rf8 25. f4 Nf7 26. Kh2 Rae8 27. Nc6 $36 {O'Kelly de Galway,A-Tolush,A/
Bucharest/1953/ Stohl,I: 'O'Kelly de Galway,A-Tolush,A/Bucharest/1953/'}) 10.
Nd2 Nbd7 11. Qb3 $5 {A rare move, which is probably new, although in a few
moves the game transposes into known positions. But Nikolic has been playing
this line already for a long time and he has tried just about every other
alternative.} (11. h3 b6 12. Re1 (12. Nc4 Ne5 13. Ne3 (13. Nxe5 $142 Rxe5 14.
Bf4 Re8 15. e4 $14 {Stohl,I: '[+]'}) 13... a6 14. a4 Rb8 15. f4 Ned7 16. Nc4
Qc7 17. Na3 c4 18. Kh2 Qc5 19. Nc2 Qc7 20. Na3 h5 21. e4 Bb7 22. Re1 Rbc8 23.
Be3 Nc5 $36 {Fairhurst,W-Czerniak,M/Moscow olm/1956/}) 12... Ba6 13. a4 h5 14.
Nb5 Bxb5 15. axb5 h4 16. g4 Ne5 17. f4 Nexg4 18. hxg4 Nxg4 19. Nf1 h3 20. Bxh3
Qh4 21. Bxg4 Qxg4+ 22. Kh1 Re5 23. fxe5 Qe4+ 24. Kg1 Qg4+ {1/2,Donner,J-Milic,
B/Beverwijk/1955/}) (11. Rb1 a6 12. b4 cxb4 13. Rxb4 Nc5 14. Nb3 Nfd7 15. Bb2
Nxb3 16. axb3 Nc5 17. Na4 Bxb2 18. Nxb2 Bd7 19. Rf4 Bb5 20. Re1 a5 21. e3 Rc8
22. h4 f5 23. Rd4 Ba6 24. Bf1 Bxf1 25. Rxf1 Ne4 $15 {Nikolic,P-Ivanchuk,V/
Munich SKA/1994/}) 11... a6 12. Nc4 (12. a4 Rb8 13. Nc4 Ne5 14. Nb6 {-12.Nc4})
12... Ne5 13. Nb6 Rb8 14. a4 {Stohl,I: '-12.Nc4'} Nfd7 (14... Bf5 $5 15. h3 (
15. e4 Bh3 $1 16. Bxh3 Nf3+ 17. Kh1 Nd4 18. Qd1 Qxb6 19. a5 Qc7 20. f3 b5 21.
axb6 Rxb6 22. Ra2 Reb8 23. Ne2 Ne8 24. Nxd4 Bxd4 $15 {Roizen,N-Bach,A/
ATI-Homorod-C/1993/}) 15... Bc2 16. Qxc2 Qxb6 17. a5 Qc7 18. Nd1 Nh5 19. g4 Nf6
20. Ne3 Re7 21. Bd2 Rbe8 22. Rae1 Ned7 23. Nc4 Ne4 24. Bf4 b5 25. axb6 Nxb6 26.
f3 Nxd5 27. fxe4 Nxf4 28. Rxf4 d5 $17 {[%csl Rg2,Gg7] ->^-,Certic,B-Barlov,D/
JUG-Cup Svetozarevo/1990/}) (14... Qc7 15. h3 h6 16. Bd2 g5 17. Nxc8 Rbxc8 18.
Nd1 Ng6 19. Qc2 c4 20. Ne3 Qc5 21. Rad1 b5 22. axb5 axb5 23. b4 cxb3 24. Qxb3
Qb6 25. Nf5 $16 {Beim,V-Simeonov,S/Berliner Sommer/1991/}) (14... Ned7 15. Nc4
Ne5 16. Nb6 Ned7 17. Nxc8 Qxc8 18. a5 b5 19. axb6 Rxb6 20. Qa4 (20. Qc2 Qb7 21.
Rd1 Rb4 22. e3 h5 23. Bf1 $13 {1/2,Cosma,I-Ghitescu,T/ROM-chT/1992/}) 20... c4
21. Ra2 Ng4 22. h3 Ngf6 23. Nd1 Rxe2 24. Be3 Rb3 25. Qc6 Rb8 26. Rxa6 Ne8 27.
Qxc8 Rxc8 28. Rc6 Rc7 29. Bf3 Rc2 30. Be4 Re2 $11 {Johansen,D-Rogers,I/Sydney
Mercantile/1991/}) (14... Nh5 15. h3 f5 16. Kh2 g5 17. Nxc8 Rxc8 18. e4 f4 19.
Qd1 fxg3+ 20. fxg3 Nf6 21. Bxg5 Nfg4+ 22. hxg4 Qxg5 23. Bh3 Nc4 24. Rf5 Qe3 25.
Rf3 Qd2+ 26. Qxd2 Nxd2 27. Rf4 Nc4 28. g5 Nxb2 29. Bxc8 Rxc8 $44 {Ilincic,
Z-Velimirovic,D/Belgrade/1994/}) 15. Nxc8 Rxc8 $146 (15... Qxc8 16. a5 $142 (
16. h3 b5 $1 (16... c4 17. Qa2 f5 18. a5 Nc5 (18... Nf7 19. Rd1 b5 20. axb6
Rxb6 21. Bf1 Nc5 22. Qxc4 Qb8 23. e3 Ne5 24. Qe2 Rb4 $36 {Kakhiani,K-Nutu
Gajic,D/Subotica iztW/1991/}) 19. f4 Nb3 20. fxe5 Nxa1 21. Qxa1 Bxe5 22. Qa3 b5
23. axb6 Rxb6 24. Bf4 Rb3 25. Qa4 Rxb2 26. Bxe5 Rxe5 27. Qc6 Qd8 28. Qxc4 Rc2
$44 {Thinius,M-Stein,B/BL/1992/}) 17. axb5 axb5 18. Ra5 b4 19. Ne4 Qc7 20. Qa2
b3 21. Qa1 Nf6 22. Ra7 Qd8 23. Bg5 h6 24. Bxf6 Bxf6 25. Qc1 Rb4 26. Ra6 Nd7 27.
Nxd6 Rxe2 $17 {Sakaev,K-Anastasian,A/Frunze op/1989/}) 16... b5 17. axb6 Rxb6
18. Qc2 (18. Qa4 Qb7 19. Bh3 Ra8 20. Na2 Rb5 21. f4 Nb6 22. Qc2 Ned7 23. e4 Re8
24. Rf3 Nf6 $17 {[%csl Rd5,Re4] |^ה,Ramirez,E-Glavina,P/Cadiz op/1991/}) 18...
Qb7 19. Ra2 $11) 16. Qc2 (16. Qxb7 $6 Rb8 17. Qxa6 Ra8 $11 {/\ gives Black at
least a draw by repetition.} (17... c4 18. Ne4 $1 f5 19. Bg5 $16) 18. Qxd6 $4
Bf8 $19) (16. a5 c4 $1 $15 {[%csl Ra5][%cal Yd7c5,Yc5b3,Rc8c5] /\Rc5><a5,Nc5-b3
}) 16... Nc4 (16... c4 17. Bh3 (17. Ne4 Qc7 18. Bf4 Nc5 19. Nxc5 Qxc5 $11)
17... f5 $13 {/\} 18. e4 $6 Nf3+ 19. Kg2 Nd4) 17. Bh3 (17. Ne4 $5 b5 18. axb5
axb5 19. Ra7 $36 {[%cal Rb2b3,Rc1g5] /\b3,Bg5}) 17... f5 18. e4 {The most
principled move. Now tactical complications arise.} Nde5 $1 {[]} (18... fxe4
19. Nxe4 $16 {[%csl Rd6,Re6] ><e6,d6}) 19. Qe2 (19. exf5 Nf3+ 20. Kh1 (20. Kg2
Nd4 $13 (20... Ne1+ 21. Rxe1 Rxe1 22. fxg6 $16)) 20... Nd4 21. Qd3 Ne5 22. Qb1
Qd7 $44) 19... Na5 20. exf5 (20. Qd1 $5 $14) 20... Nb3 21. fxg6 $5 (21. Ra3 Nd4
$40) 21... Nxa1 22. Be6+ Rxe6 $1 (22... Kh8 $143 23. Qh5 Nxg6 24. Bg5 Qb6 25.
Bf7 $1 Nf8 (25... Re5 26. Bxg6 h6 27. Qh3 {[%cal Rh3c8,Rg5h6] /\,Qc8,Bh6+-})
26. Bxe8 Qxb2 27. Ne2 $14 {[%csl Rh8][%cal Ye2g6] ->עh8,/\Nf4-g6}) 23. gxh7+
Kh8 24. dxe6 Nb3 25. f4 $44 Nd4 $6 (25... Nc6 $142 26. Nd5 Ne7 $13) (25... Nxc1
$5 26. Rxc1 Nc6 $132) 26. Qe4 Nec6 27. f5 $36 {[%csl Ge6,Gf5][%cal Yc3d5,Yf5f6]
/\Nd5,f6,o^e,f} Qf6 28. Qg4 $1 {[%cal Rc1g5,Rc3d5] /\Nd5,Bg5 White avoids
exchangning Q.} (28. Nd5 $6 Qe5 $13) 28... Ne5 (28... Rf8 29. Ne4 $1 (29. Nd5
$2 Qe5 30. f6 Ne2+ $1 31. Qxe2 $1 Qxe2 32. fxg7+ Kxg7 33. h8=Q+ $1 Kxh8 34.
Rxf8+ Kg7 35. Rf7+ Kh8 36. Nf6 Qd1+ 37. Kg2 Qe2+ $11) 29... Qe5 30. f6 Bxf6 31.
Rxf6 $18) 29. Qh5 Rf8 30. Nd5 $18 Nef3+ $8 (30... Qd8 31. e7 $18) 31. Rxf3
Nxf3+ 32. Qxf3 Qxf5 33. Qxf5 Rxf5 34. e7 Bd4+ (34... Re5 35. Bf4 $18) 35. Kg2
Re5 36. Bf4 Re6 37. Bxd6 $1 {[%cal Rd5c7] /\Nc7 1-0 (37) Nikolic,P (2630)
-Degraeve,J (2540) Eupen 1997 CBM 062 [Stohl,I]} 1-0

[Event "Bundesliga 0102"]
[Site "Germany"]
[Date "2002.04.28"]
[Round "15.2"]
[White "Haba, Petr"]
[Black "Schandorff, Lars"]
[Result "1/2-1/2"]
[WhiteElo "2482"]
[BlackElo "2551"]
[Annotator "Stohl,I"]
[PlyCount "78"]
[EventDate "2001.10.06"]
[EventType "team-tourn"]
[EventRounds "15"]
[EventCountry "GER"]
[SourceTitle "CBM 089"]
[Source "ChessBase"]
[SourceDate "2002.08.12"]
[SourceVersion "1"]
[SourceVersionDate "2002.08.12"]
[SourceQuality "1"]
[WhiteTeam "Erfurt SK"]
[BlackTeam "Werder Bremen"]
[WhiteTeamCountry "GER"]
[BlackTeamCountry "GER"]

1. d4 Nf6 2. c4 e6 3. g3 c5 4. d5 exd5 5. cxd5 d6 6. Nc3 g6 7. Bg2 Bg7 8. Nf3
O-O 9. O-O Re8 10. Bf4 Ne4 (10... Na6 11. Re1 $5 (11. Nd2 Nh5 12. Be3 Nc7 13.
a4 b6 14. Bf3 Ba6 15. Re1 Rxe3 $5 (15... Qe7 $13) 16. fxe3 Nf6 17. Qc2 Qe7 18.
e4 h5 19. e3 Bh6 20. Nd1 Re8 21. Nf2 Nd7 $44 {Nikolic,P-Topalov,V/Monaco rpd/
2000/}) 11... Bg4 12. h3 Bxf3 13. Bxf3 Qd7 14. e4 Rad8 15. Kg2 c4 16. Be3 Nb4
17. Bxa7 Nd3 {1/2,Kachiani Gersinska,K-Radziewicz,I/EU-chW Warsaw/2001/} 18.
Re2 b5 19. Bd4 $13) ({The interpolation of} 10... a6 11. a4 {enables after} Ne4
12. Nxe4 Rxe4 13. Nd2 Rb4 {the strong} 14. Ra2 $1 {with an unpleasant position:
} Qe7 (14... g5 $142 15. Be3 f5 16. Nf3 h6 17. b3 $36) 15. b3 g5 16. Be3 Bd4
17. Bxd4 Rxd4 18. e3 Rb4 19. Nc4 Nd7 20. f4 Rb8 21. Qd3 g4 22. Rd1 Nf8 23. Qc3
Bd7 24. e4 b5 25. axb5 axb5 26. Ne3 $18 {Nikolic,P-Hracek,Z/EU-chT Batumi/1999/
}) ({Interesting, but still relatively untested remains} 10... Qb6 $5 11. Rc1
Nh5 12. Bd2 Bg4 13. h3 Bxf3 14. Bxf3 Nf6 15. g4 h6 16. Rb1 Nbd7 17. Bg2 a6 18.
b4 $6 cxb4 19. Na4 Qc7 20. Bxb4 b5 21. Nc3 Qb6 $36 {Vaulin,A-Tunik,G/
Nabereznye Chelny/1988/}) 11. Nxe4 Rxe4 12. Nd2 Rb4 (12... Re8 13. Nc4 {
is too passive, so Black is forced to sacrifice his R on f4 either now, or a
move later.} (13. Ne4 $5 $36)) (12... Rxf4 13. gxf4 Bxb2 14. Rb1 Bg7 15. Re1 $5
(15. Nc4 b6 16. Qc2 (16. e4 Ba6 17. Qc2 Qh4 $44) 16... Na6 17. e4 Nb4 18. Qb3
b5 19. Ne3 a5 20. Rbd1 a4 21. Qb1 a3 $15 {Mondaca,O-Paglilla,C/Buenos Aires/
1993/}) (15. e4 Qh4 16. e5 Qxf4 17. e6 fxe6 18. dxe6 Nc6 19. Re1 Be5 20. Nf3
Bxe6 21. Nxe5 Nxe5 22. Rxb7 Rf8 23. Qe2 Bg4 24. Qe3 {Cooke,E-Borocz,I/Budapest/
2000/} Bf3 $1 25. Qxf4 Rxf4 26. Rb8+ Kf7 $17) 15... Qh4 16. e3 Nd7 17. Nc4 Bf8
18. Qf3 b5 19. Na5 a6 20. Nc6 Nb6 21. e4 (21. Qg3 $142 $14) 21... Bh6 22. Qg3
Qxf4 23. e5 Nc4 24. e6 {Shumiakina,T-Florescu,C/Bucharest/1993/} Qxg3 25. hxg3
Kf8 26. Nd8 f5 $13) 13. b3 $1 $146 {[%mdl 8] An interesting novelty, Black is
now denied the chance to sacrifice the exchange for the b-pawn.} (13. a3 Rxf4 (
13... Rxb2 14. Nc4 $16) 14. gxf4 Bxb2 15. Ra2 Bg7 16. a4 Na6 17. Nc4 Nb4 18.
Ra3 b6 19. Qc1 Qf6 (19... Bh6 20. Re1 Qf6 21. e3 Ba6 22. Rd1 Rb8 23. Nd2 Bd3
24. Rxd3 Nxd3 25. Ne4 Nxc1 26. Nxf6+ Kg7 27. Ne4 $13 {Budnikov,
A-Gogichaishvili,G/Khabarovsk/1990/}) 20. Re3 $6 (20. e3 $142 Ba6 $44) 20...
Bb7 21. Rd1 Rd8 22. Rh3 Bc8 23. Rg3 h5 24. h3 Bh6 $36 {Barbero,G-Rivera
Kuzawka,D/Los Polvorines/1980/}) 13... Bxa1 14. Qxa1 Rxf4 {Now White will have
a small, but comfortable edge.} ({But the alternatives are extremely risky:} 
14... g5 15. Be3 f5 (15... Bf5 16. Nc4 $36 b5 17. Nd2 {צb4}) 16. Nc4 (16. Nf3
$5) 16... b5 17. Na3 f4 18. Bd2 a5 19. Nc2 $40) (14... Bf5 15. Nc4 b5 16. a3 $1
Rxb3 17. Bh6 f6 18. Nd2 $16) 15. gxf4 $14 {/^a1-h8,[+]} Nd7 (15... b5 $2 16.
Ne4 h6 17. Nxc5 $1 dxc5 18. d6 Bh3 19. Bxh3 Qxd6 20. Rd1 Qb6 21. Bg2 Nc6 22.
Rd6 $18) 16. Qc3 Nf6 (16... Qe7 $5 17. Re1 b6 $14) 17. b4 $1 (17. e4 $6 Nh5 $36
) 17... cxb4 (17... b6 18. bxc5 bxc5 19. Rb1 $36) (17... Bg4 18. bxc5 Rc8 19.
c6 bxc6 20. dxc6 Bxe2 21. Rc1 $36) 18. Qxb4 Bg4 19. e3 (19. e4 $6 Nh5 20. e5 a5
21. Qd4 Qh4 $1 $132 {/\} 22. Ne4 $2 Nxf4 $1 23. Nf6+ Qxf6 24. exf6 Ne2+ $19)
19... Rc8 (19... Qc7 20. Qa3 $1 {/\Rc1|^}) ({More solid was} 19... Qe7 $5 20.
Rc1 (20. Qd4 b6 21. h3 Bd7 $11) 20... Rc8 21. Rxc8+ Bxc8 $14 {/=}) 20. Qxb7 Rc2
21. Nb3 Rxa2 22. Nd4 Qd7 $6 (22... Bd7 $142 $1 {/\} 23. Qb3 (23. e4 Nh5 $132)
23... Qa5 24. Nc6 Qa3 $14 {/~~}) 23. Qb3 Ra6 (23... Qa4 $2 24. Qb8+ {/\} Ne8
25. Nb5 $18) (23... Rd2 24. Qc3 Ra2 25. Nc6 $16) 24. e4 {[%csl Gd5,Ge4,Gf4] [+]
} Qa4 {Black must strive for a Q swap to survive the looming attack.} ({
Now the typical} 24... Nh5 {leads nowhere:} 25. h3 $5 (25. Qe3 $16) 25... Nxf4
26. hxg4 Nxg2 27. Qg3 $142 (27. Nc6 Nf4 (27... Qxg4 28. Qb8+ Kg7 29. f3 Qg3 30.
Qb2+ $18) 28. Qf3 g5 29. Nb8 Qb5 30. Nxa6 Qxa6 31. Rb1 Qc4 $14) 27... Ra4 (
27... Qa4 28. Nc6 $18) 28. Rd1 Ne1 29. f3 $1 $16) 25. Qe3 Qa3 26. h3 Bd7 27. e5
Qxe3 28. fxe3 Ne8 (28... dxe5 $2 29. fxe5 Ne8 30. d6 Ra5 (30... Ng7 31. Bd5 $18
) 31. Nc6 Bxc6 (31... Rb5 32. Bd5 $1 $18) 32. Bxc6 Ng7 33. Be8 $1 $18) 29. Rc1
(29. exd6 Nxd6 30. e4 Ra4 31. Rd1 Nc4 $132) (29. Rb1 $5 Rb6 30. Ra1 a6 31. e6
$16) 29... Kf8 30. e6 fxe6 31. dxe6 Ba4 32. Ra1 (32. Rb1 $1 Nf6 (32... Rb6 33.
Ra1 Rb4 34. Nc6 $16) 33. Rb7 $36) 32... Bb5 33. Rb1 Bc4 34. Rb4 (34. Rb8 d5 (
34... Rb6 35. Rd8 {[%cal Rg2c6] /\Bc6}) 35. Rd8 Ra1+ 36. Kf2 Ra2+ 37. Kg3 Ra3
$132) 34... d5 35. Rb7 Ng7 $5 {[]} 36. Rb8+ $2 (36. Rf7+ Kg8 37. Re7 Kf8 $11) (
{White already takes the draw and avoids the still promising implications of} 
36. e7+ Ke8 37. Bf3 $1 {[%csl Ge7] and the o^e7 is suprisingly strong:} (37. h4
Ne6 $11) (37. e4 Ne6 38. Nxe6 Rxe6 39. exd5 Rxe7 40. Rb4 Rc7 41. d6 Rc5 $11)
37... Rd6 (37... Ne6 38. Nf5 $1 Kf7 (38... Rb6 39. Rxa7 $18) 39. Bd1 $1 {
[%cal Rd1a4] /\Ba4!+-}) (37... Ra3 38. Nc6 Rxe3 39. Bg4 Nf5 40. Bxf5 gxf5 41.
Rxa7 $16) (37... Ra1+ 38. Kf2 Ra2+ 39. Kg3 Ra3 40. f5 $1 (40. Nc6 Rxe3 41. Rxa7
Bb5 $1 42. Ne5 Nf5+ 43. Kf2 Rc3 $11) 40... Rxe3 (40... gxf5 41. Ne6 $1 $18) 41.
f6 Nh5+ 42. Kf2 Rxf3+ 43. Kxf3 Nxf6 44. Rxa7 $18) 38. Bg4 $5 Bd3 (38... h5 39.
Bd1 Ra6 40. Bc2 $18) 39. Nc6 Bf5 40. Rb8+ Kd7 41. Nxa7 $16) 36... Ke7 37. Rb7+
Kf8 38. Rb8+ Ke7 39. Rb7+ Kf8 1/2-1/2

[Event "Helsinki op"]
[Site "Helsinki"]
[Date "1992.??.??"]
[Round "6"]
[White "Moskalenko, Viktor"]
[Black "Ehlvest, Jaan"]
[Result "0-1"]
[WhiteElo "2535"]
[BlackElo "2635"]
[Annotator "Stohl,I"]
[PlyCount "77"]
[EventDate "1992.09.??"]
[EventType "swiss"]
[EventRounds "9"]
[EventCountry "FIN"]
[SourceTitle "CBM 032"]
[Source "ChessBase"]
[SourceDate "1993.02.01"]
[SourceVersion "1"]
[SourceVersionDate "1993.02.01"]
[SourceQuality "1"]

1. d4 Nf6 2. c4 e6 3. Nf3 c5 4. d5 exd5 5. cxd5 d6 6. Nc3 g6 7. g3 Bg7 8. Bg2
O-O 9. O-O Na6 $5 10. e4 (10. h3 Re8 $1 (10... Nc7 11. e4 (11. a4 b6 $6 (11...
Re8 $142 $132) 12. e4 Nd7 13. Bf4 Qe7 14. Re1 f6 15. Qd2 Ba6 16. h4 Ne5 17.
Nxe5 fxe5 18. Bg5 Bf6 19. Be3 Bc8 20. Nb1 $1 $16 {Goldin,A-Bjerring,K,Capelle
la Grande op 1992}) 11... Nd7 (11... b5 12. e5 Nfe8 13. Bf4 Bb7 14. exd6 Nxd6
15. Ne5 Re8 16. Nc6 Qd7 17. Rc1 Ba6 18. b4 $1 c4 19. Bxd6 Qxd6 20. Ne4 $16 {
Stern,R-Barlov,D,Baden Baden op 1991}) 12. Bf4 Qe7 13. Re1 f6 14. a4 Ne5 15.
Nxe5 fxe5 16. Be3 b6 17. Rb1 Na6 18. Na2 Bd7 19. Bf1 Nc7 20. b4 $36 {Razuvaev,
Y-Romero,An,Palma 1991,TD 91_08}) (10... Bd7 11. e4 Qc8 12. Bf4 Bxh3 13. Bxd6
Bxg2 14. Kxg2 Re8 15. Re1 Qd7 16. e5 Ng4 17. Ne4 Rad8 18. Rc1 b6 19. e6 $1 $16
{Alburt,L-Gurevich,D,Long Beach ch-US 1989,CBM 19}) 11. Re1 Bd7 12. a4 (12. e4
b5 13. e5 dxe5 14. Nxe5 b4 15. Nb1 Nh5 $132) 12... Ne4 13. Nxe4 Rxe4 14. Nd2
Rb4 15. Ra2 b5 16. axb5 Nc7 17. b3 Nxb5 18. Bb2 Bxb2 19. Rxb2 a5 20. Qa1 Qf6
$15 {Razuvaev,Y-Lautier,J,Sochi-A 1989,CBM 16}) (10. Nd2 Nc7 11. Nc4 (11. a4 b6
12. Nc4 Ba6 13. Qb3 Qd7 14. Bf4 $6 Nh5 15. Bd2 f5 16. e4 f4 17. Bf3 fxg3 18.
fxg3 Qh3 $1 $40 {Borges Mateos,J-Vera,R,Capablanca mem-B 1992,EXP 29}) 11...
Nfe8 (11... Rb8 $6 12. Bf4 Nce8 13. a4 Nh5 14. Bd2 f5 15. Re1 f4 16. Bf3 fxg3
17. hxg3 b6 18. Ne4 Bf5 19. Ng5 Qf6 20. Be3 $1 h6 21. Ne6 $16 {Gleizerov,
E-Ciemniak,R,Wisla BES 1992,TD 92_04}) (11... b6 12. Nxd6 Ba6 $6 {N} (12...
Qxd6 13. Bf4 Qd7 14. d6 Ne6 15. Bxa8 Nxf4 16. gxf4 Qg4+ 17. Bg2 Qxf4 $14) 13.
Qa4 $1 Qxd6 14. Bf4 Qd7 15. Qxd7 Nxd7 16. Bxc7 Rac8 17. d6 Bxc3 18. bxc3 c4 19.
Rfd1 Rce8 20. Bc6 $18 {Scherbakov,R-Nun,J,Pardubice op 1992}) 12. a4 b6 13. Qd2
(13. Qc2 f5 14. b3 Rb8 15. Bb2 Na6 $5 16. Qd2 Nb4 17. Na2 Bxb2 18. Qxb2 Nxa2
19. Rxa2 f4 20. b4 Rb7 $132 {Munoz,J-San Segundo,P,ESP-ch 1991}) 13... f5 14.
b3 Qd7 15. Bb2 Bb7 16. Rab1 Nf6 17. Ba1 Ba6 18. Rfd1 Ng4 19. e3 $14 {Arkell,
K-Quinn,M,BCF-ch 1992,EXP 30}) (10. Re1 Re8 11. e4 Bg4 (11... Nc7 12. a4 Bg4
13. Qb3 $1 Na6 14. Bf4 Nb4 15. Rad1 Qb6 16. h3 Bxf3 17. Bxf3 Nbxd5 $6 18. Qxb6
Nxb6 19. Bxd6 Nfd7 20. Nb5 $16 {_|_[+]^^,Hoelzl,F-Valiente,C,Novi Sad olm 1990,
TD 90_06}) 12. Bf4 Nd7 $1 13. Qb3 $6 Bxf3 14. Bxf3 Ne5 15. Be2 Rb8 16. Nb5 c4
$1 17. Qa3 Nc5 18. Be3 Ned3 $17 {Hausner,I-Razuvaev,Y,BL 9091}) 10... Re8 11.
Nd2 $5 (11. Re1 Bg4 {-10.Re1}) 11... Nc7 12. a4 b6 13. Re1 {/\e5|^} Ng4 $1 14.
Nf3 (14. Nc4 Bd4 $36) 14... Ne5 (14... f5 $6 15. Bg5 $1 (15. h3 Ne5 16. Nxe5
Bxe5 $132) 15... Bf6 (15... Qd7 16. exf5 $36) 16. Bxf6 Qxf6 (16... Nxf6 17. e5
$16) 17. h3 Ne5 18. Nxe5 Qxe5 19. Qd2 $36) 15. Nxe5 Bxe5 16. h4 $5 Qd7 $6 (
16... f5 $5 17. h5 Qf6 $13) 17. Bf4 (17. h5 $13) 17... Bg7 (17... Bxf4 18. gxf4
$14 {[+]}) 18. e5 $5 (18. Qd2 Bb7 19. Rab1 $14) 18... dxe5 19. d6 Ne6 20. Bxa8
(20. Bxe5 Bb7 21. Bxb7 Qxb7 22. Nd5 Nd4 $1 23. Bxd4 Bxd4 $132) 20... exf4 $132
21. gxf4 (21. Bg2 fxg3 22. fxg3 Bd4+ 23. Kh2 Qxd6 $17) 21... Nxf4 22. Rxe8+
Qxe8 23. Qf3 (23. Nd5 Nxd5 24. Qxd5 Bxb2 25. Bc6 Bd7 26. Bxd7 Qxd7 27. Re1 Bf6
$15) 23... Ne6 24. Nd5 Bd7 25. Ne7+ $6 (25. Nc7 Qd8 26. Bd5 $14) 25... Kf8 {
><d6,b2,>>} 26. Bd5 Nd4 27. Qe4 (27. Qd3 Qb8 $17) 27... f5 (27... Qb8 $2 28.
Nxg6+ $1 hxg6 29. Qe7+ $18) 28. Qg2 Qb8 29. Qh2 $8 Be6 30. Bg2 (30. Bxe6 $2
Nf3+ $19) (30. Nc6 Bxd5 $1 31. Nxb8 Nf3+ 32. Kh1 Nxh2+ 33. Kxh2 Be5+ $15) 30...
Qe8 31. Re1 (31. Kh1 $142 {/\Qf4}) 31... Qxa4 $17 32. Nc6 Bd7 33. Nxd4 Qxd4 34.
Qg3 (34. Re7 Qd1+ 35. Bf1 Bb5 $17) 34... Bf6 35. h5 g5 {/\Kg7-h6,><h5} 36. Qf3
Qxd6 37. Qa8+ Kg7 38. Qxa7 Kh6 39. Bf3 $138 (39. Bf3 g4 40. Rd1 Bd4 $19) 0-1